| 000 | 00718nam a2200253 a 4500 | ||
|---|---|---|---|
| 001 | ASINB003T6K4BC | ||
| 005 | 20170105102926.0 | ||
| 008 | 131212s2007 xxu eng d | ||
| 020 | _a184737090X (paperback) | ||
| 020 | _a9781847370907 (paperback) | ||
| 040 | _a0 | ||
| 050 | 0 | 4 | _aDS79.76 |
| 082 | 0 | 4 |
_a956.70443092 _bBEL 2007 |
| 100 | 1 | _aDavid, Bellavia. | |
| 245 | 1 | 0 |
_aHouse to house an epic of urban warfare / _cBellavia David. |
| 260 |
_a[S.l.] : _bSimon & Schuster, _c2007. |
||
| 300 |
_a321p. _b24cm |
||
| 650 | 0 | _aBellavia, David, 1975- | |
| 650 | 0 | _aFallujah, Battle of (Iraq : 2004) | |
| 650 | 0 | _aIraq War (2003-2011) | |
| 650 | 0 | _aIraq--Fallūjah | |
| 650 | 0 | _aSoldiers | |
| 942 |
_2ddc _cBK |
||
| 999 |
_c15844 _d15844 |
||